Statistiques concernant Intercommunalités du Rhône

Cliquez ici pour prendre le quiz!

Statistiques générales

  • Ce quiz a été pris 22 fois
  • Le résultat moyen est 4 sur 12

Statistiques - réponses

Nombres de CommunesIntercommunalités% Correct
58Métropole de Lyon
95%
18 (dont 01 dans l'Ain)Communauté d'agglomération Villefranche Beaujolais Saône
81%
31Communauté d'agglomération de l'Ouest Rhodanien
57%
35Communauté de communes Saône-Beaujolais
43%
32Communauté de communes Beaujolais Pierres Dorées
38%
08Communauté de communes de l'Est lyonnais
29%
05Communauté de communes de la Vallée du Garon
24%
07Communauté de communes du Pays de l'Ozon
19%
17Communauté de communes du Pays de L'Arbresle
14%
08Communauté de communes des Vallons du Lyonnais
10%
11Communauté de communes du Pays mornantais
10%
32 (dont 07 dans la Loire)Communauté de communes des Monts du Lyonnais
5%

Distribution des résultats

Percentile par nombre de réponses

% des personnes avec chaque résultat

Votre développement - résultats

Vous n’avez pas pris ce quiz